| 000 | 00345nam a2200109Ia 4500 | ||
|---|---|---|---|
| 008 | 220204s9999 xx 000 0 und d | ||
| 082 |
_a677.21:382.6(047) _bIND |
||
| 245 | 0 | _aIndia. Cotton textiles export promotion council reports | |
| 260 |
_aBombay _bCotton Textiles EPC |
||
| 505 | _aReports on Belgium,Burma,Tunisia, Nigeria etc. | ||
| 942 | _cBK | ||
| 999 |
_c22787 _d22787 |
||